|
|
|
|
| LEADER |
01275nam a22003017a 4500 |
| 001 |
36203 |
| 003 |
BD-DhAAL |
| 005 |
20211130144921.0 |
| 008 |
191016t2001 bg ab b 000 0 eng d |
| 999 |
|
|
|c 41581
|d 41581
|
| 020 |
|
|
|a 984051184X
|
| 020 |
|
|
|a 9789840511846
|
| 040 |
|
|
|a BD-DhAAL
|
| 082 |
0 |
0 |
|a 934
|2 20
|
| 100 |
1 |
|
|a Chakrabarti, Dilip K.
|9 36007
|
| 245 |
1 |
0 |
|a Ancient Bangladesh :
|b a study of the archaeological sources with an update on Bangladesh archaeology,
|n 1990-2000 /
|c Dilip K. Chakrabarti.
|
| 260 |
|
|
|a Dhaka :
|b University Press Limited,
|c c2001.
|
| 300 |
|
|
|a xxvii, 211 pages :
|b illustrations, maps ;
|c 22 cm.
|
| 504 |
|
|
|a Includes bibliographical references.
|
| 526 |
|
|
|a BIED
|
| 541 |
|
|
|a Complimentary copy from BIED
|e 36203
|
| 650 |
|
0 |
|a Excavations (Archaeology)
|z Bangladesh.
|9 36008
|
| 650 |
|
0 |
|a Excavations (Archaeology)
|z India
|z Bengal.
|9 36009
|
| 651 |
|
0 |
|a Bangladesh
|x Antiquities.
|9 36010
|
| 651 |
|
0 |
|a Bengal (India)
|x Antiquities.
|9 36011
|
| 852 |
|
|
|a Ayesha Abed Library
|c BIED Collection
|
| 942 |
|
|
|2 ddc
|c BK
|
| 952 |
|
|
|0 0
|1 0
|2 ddc
|4 0
|6 934_000000000000000_CHA
|7 0
|9 66734
|a BRACUL
|b BRACUL
|c GEN
|d 2019-10-16
|e Complimentary copy from BIED
|l 2
|m 51
|o 934 CHA
|p 3010036203
|r 2026-05-14
|s 2025-11-03
|t 1
|w 2019-10-16
|y BK
|x Transferred from BIED to General Stacks
|